| Tag |
First Indicator |
Second Indicator |
Subfields |
| LEADER |
00000cam a2200000 a 4500 |
| 001 |
in00001404582 |
| 005 |
20151020062024.0 |
| 008 |
980217s1998 fr d b i000 0 eng d |
| 020 |
|
|
|a 9264156984
|
| 035 |
|
|
|a (OCoLC)38449027
|
| 035 |
|
|
|9 AHP0542AM
|
| 040 |
|
|
|a IL#
|c IL#
|d TOL
|d TXA
|d UtOrBLW
|
| 049 |
|
|
|a TXAM
|
| 090 |
|
|
|a HC276.3
|b .W24 1998
|
| 245 |
0 |
0 |
|a Wage determination in the public sector :
|b a France/Italy comparison /
|c Organisation for Economic Co-operation and Development.
|
| 264 |
|
1 |
|a Paris :
|b OECD,
|c [1998]
|
| 264 |
|
4 |
|c ©1998
|
| 300 |
|
|
|a 72 pages :
|b illustrations ;
|c 27 cm.
|
| 336 |
|
|
|a text
|b txt
|2 rdacontent
|
| 337 |
|
|
|a unmediated
|b n
|2 rdamedia
|
| 338 |
|
|
|a volume
|b nc
|2 rdacarrier
|
| 490 |
1 |
|
|a Public management occasional papers ;
|v no. 21
|
| 500 |
|
|
|a Prepared by Yves Guillotin and Claudio Lucifora - "Foreword."
|
| 504 |
|
|
|a Includes bibliographical references (page 66).
|
| 650 |
|
0 |
|a Wages
|z France.
|
| 650 |
|
0 |
|a Wages
|z Italy.
|
| 650 |
|
0 |
|a Civil service
|z France.
|
| 650 |
|
0 |
|a Civil service
|z Italy.
|
| 700 |
1 |
|
|a Guillotin, Yves.
|
| 700 |
1 |
|
|a Lucifora, Claudio.
|
| 710 |
2 |
|
|a Organisation for Economic Co-operation and Development.
|
| 775 |
0 |
|
|t La détermination des rémunérations dans le secteur public : une comparaison France/Italie
|z 9264256989
|
| 830 |
|
0 |
|a Public management occasional papers ;
|v no. 21.
|
| 948 |
|
|
|a c:blr
|
| 999 |
|
|
|a MARS
|
| 999 |
f |
f |
|s 235cab71-3c74-335f-bc81-6acce08e23cd
|i 433a3713-fabf-3b06-b6ee-d05751b2d407
|t 0
|
| 952 |
f |
f |
|p ric
|a Texas A&M University
|b Rellis Campus
|c Joint Library Facility
|d Remote Storage
|t 0
|e HC276.3 .W24 1998
|h Library of Congress classification
|i unmediated -- volume
|m A14822399529
|
| 998 |
f |
f |
|a HC276.3 .W24 1998
|t 0
|l Remote Storage
|